000 00720nam a2200181 a 4500
008 120416s2004 ||||||||||||||||| || u
050 _aIBRD(08)
100 _aGropello, Emanuela di
245 1 0 _aEducation decentralization and accountability relationships in Latin America
_cby Emanuela di Gropello
260 _aWashington, DC:
_bWorld Bank
_c2004
300 _a[ii], 34p.: ill.
350 _a0.00
490 _aPolicy Research Working Paper
650 _aDECENTRALIZATION OF EDUCATION
650 0 _aEDUCATIONAL TESTS AND MEASUREMENTS
710 _aWorld Bank
995 _D0.00
_FCBU-MAIN LIBRARY (Kitwe)
_H1
_I0.00
_M1
_UAVAILABLE
_ZInternational Publications
999 _c41128
_d41128